000 00507cgm a2200193 i 4500
001 C2-0100808
003 PPAK
005 20180729125521.0
008 970529s1985 xxu|||| ||||| | eng d
040 _aPPAK
_beng
_cPPAK
_erda
245 1 0 _aConan the destroyer
264 1 _aUnited States :
_bMCA Home Video ,
_c1985
336 _2rdacontent
_atext
337 _2rdamedia
_aunmediated
338 _2rdacarrier
_avolume
700 _eauthor
700 1 _aFleischer, Richard,
_ecompile
942 _ddc
_cLD
999 _c164526
_d164526